La arquitectura vernácula en el territorio de Madrid / (Record no. 111876)

MARC details
000 -LEADER
campo de control de longitud fija 00780nam a2200229 4500
001 - NÚMERO DE CONTROL
campo de control 111876
003 - IDENTIFICADOR DE NÚMERO DE CONTROL
campo de control ES-MaACL
005 - FECHA Y HORA DE LA ÚLTIMA TRANSACCIÓN
campo de control 20230906185358.0
007 - CAMPO FIJO DE DESCRIPCIÓN FÍSICA--INFORMACIÓN GENERAL
campo de control de longitud fija t|
008 - DATOS DE LONGITUD FIJA--INFORMACIÓN GENERAL
campo de control de longitud fija 061121s1983 sp r ||||1| spa d
020 ## - NÚMERO INTERNACIONAL ESTÁNDAR DEL LIBRO
Número Internacional Estándar del Libro 84-500-8923-9
100 1# - ENTRADA PRINCIPAL--NOMBRE DE PERSONA
Nombre de persona Navajas, Pablo.
9 (RLIN) 85017
245 13 - MENCIÓN DEL TÍTULO
Título La arquitectura vernácula en el territorio de Madrid /
Mención de responsabilidad, etc. Pablo Navajas.
260 ## - PUBLICACIÓN, DISTRIBUCIÓN, ETC.
Lugar de publicación, distribución, etc. Madrid :
Nombre del editor, distribuidor, etc. Diputación, Area de Urbanismo y Ordenación Territorial,
Fecha de publicación, distribución, etc. D.L. 1983.
300 ## - DESCRIPCIÓN FÍSICA
Extensión 391 p. :
Otras características físicas il ;
Dimensiones 21 cm.
490 1# - MENCIÓN DE SERIE
Mención de serie Estudios e investigaciones
504 ## - NOTA DE BIBLIOGRAFÍA, ETC.
Nota de bibliografía, etc. Bibliografía.
710 1# - ENTRADA AGREGADA--NOMBRE DE ENTIDAD CORPORATIVA
Nombre de entidad corporativa o nombre de jurisdicción como elemento de entrada Madrid (Provincia).
Unidad subordinada Área de Urbanismo y Ordenación Territorial.
9 (RLIN) 5629
830 0# - PUNTO DE ACCESO ADICIONAL DE SERIE-TÍTULO UNIFORME
Título uniforme Estudios e investigaciones
9 (RLIN) 182319
852 ## - LOCALIZACIÓN
Ubicación ES-MaACL
Número de control de estantería L-8841
Sublocalización o colección R.108505
Holdings
Estatus retirado Estado de pérdida Estado de daño No para préstamo Biblioteca de origen Biblioteca actual Ubicación en estantería Fecha de adquisición Fuente de adquisición Total de préstamos Signatura topográfica completa Código de barras Visto por última vez Precio de reemplazo Tipo de ítem Koha
        Biblioteca del Ateneo de Madrid Biblioteca del Ateneo de Madrid Depósito 2 17/01/2008     L-8841 1116701 23/02/2023 23/02/2023 Libro impreso